000 00491nam a2200169Ia 4500
005 20250508155457.0
008 008 250505s9999 xx 000 0 eng d
037 _aTextual
040 _aFEDL
_beng
_cFEDL
041 _aeng
_2eng
084 _a378.54, INT
_qFEDL
245 0 _aBulletin of the inter-university board, India
260 _aDelhi, India
_bInter-University Board of India
_c1960
300 _a225p.
942 _cTEXL
_h378.54, INT
999 _c1357165
_d1357165